000 00406nam a2200145Ia 4500
008 240729s9999 xx 000 0 und d
022 _a2582-4767
245 0 _aJournal of Sugarcane Research
260 _aIndia
260 _bSociety for Sugarcane Research and Development
650 _aAgriculture
856 _uhttps://doaj.org/toc/6c6bb1240d994e858adb4d057331178e
942 _2ddc
942 _cDOAJEJ
999 _c69302
_d69302
945 _a1
_bMadushi Gamage
_c1
_dMadushi Gamage